1565 1388 1971 1635 1532 1769 1899 1503 1807 1619 1439 1888 1324 1352 1731 1170 1364 1890 1023 1085 1191 1074 1126 1218 1835 1422 1351 1158 1647 1100 1849 1674 1829 1548 1087 1407 1488 1368 1059 1548 1424 1168 1280 1451 1837 1305 1823 1900 1542 1503 1081 1908 1392 1183 1862 1346 1702 1061 1841 1910 1065 1364 1194 1539 1711 1365 1952 1361 1548 1795 1277 1697 1655 1962 1272 1173 1087 1225 1801 1018 1805 1304 1657 1099 1211 1615 1034 1468 1070 1184 1302 1679 1896 1671 1668 1209 1073 1229 1179 BCNSPRNW ULIB Ver.6.0+V

เปลี่ยนเป็นภาษาไทย

Change to English
 แสดงรายละเอียดบรรณานุกรม
  กลับหน้าหลัก

Brief Record : Get Marc (ISO 2709) : E-mail record : QR code < ปิดหน้าต่าง
LEADER : 00000nam 2200000uu 4500
001    13399107848
003     ULIB
008    110206s2553||||th 000 0 tha d
020    9786167299372
060 04 WB105^bส232ต 2553
245 00 เวชศาสตร์ฉุกเฉิน /^cบรรณาธิการ, สมเกียรติ วัฒนศิริชัยกุล,ดุจเดือน สีละมาด, กานดิษฎ์ ประยงค์รัตน์
246 14 ตำราเวชศาสตร์ฉุกเฉิน
246 14 Textbook of emergency medicine
250    พิมพ์ครั้งที่ 3
260    [นครนายก] :^bโครงการตำรา คณะแพทยศาสตร์มหาวิทยาลัยศรีนครินทรวิโรฒ,^c2553
300    1142, [6] หน้า :^bภาพประกอบ ;^c22 ซม.
650  7 เวชศาสตร์ฉุกเฉิน
650  7 ภาวะฉุกเฉิน
700 0  สมเกียรติ วัฒนศิริชัยกุล,^eบรรณาธิการ
700 0  ดุจเดือน สีละมาด,^eบรรณาธิการ
700 0  กานดิษฎ์ ประยงค์รัตน์,^eบรรณาธิการ
710 2  มหาวิทยาลัยศรีนครินทรวิโรฒ. ^bคณะแพทยศาสตร์
945    ^p750^l0^i017925
945    ^p750^l0^i017926
945    ^p750^l0^i17850
945    ^p750^l0^i17851
995    เกษร
999 ^a ใช้งานได้ทุกระบบ
รายการนี้ยังไม่มีแท็ก
คุณยังไม่ได้ล็อกอิน คุณสามารถมีกิจกรรมร่วมกับเว็บไซต์ได้ แต่ต้องล็อกอินก่อน ::
  ล็อกอิน

รายการสื่อสารสนเทศ

ลำดับที่ ประเภท เลขเรียก/บาร์โค้ด สถานที่ สถานะ
1. วิทยาศาสตร์การแพทย์ และสุขภาพ
หนังสือสำรอง
สถานะ=หนังสือสำรอง
WB105 ส232ต 2553 ฉ.1 
  Barcode: 017925
ห้องสมุดวิทยาเขตสวรรค์ประชารักษ์
►นวนิยาย
บนชั้น
  ขอยืม
2. วิทยาศาสตร์การแพทย์ และสุขภาพ
วิทยาศาสตร์การแพทย์ และสุขภาพ
WB105 ส232ต 2553 ฉ.2 
  Barcode: 017926
ห้องสมุดวิทยาเขตสวรรค์ประชารักษ์
►นวนิยาย
บนชั้น
  ขอยืม

รายการใกล้เคียง
    หัวเรื่อง [เวชศาสตร์ฉุกเฉิน]
    หัวเรื่อง [ภาวะฉุกเฉิน]

BibComment


ยังไม่เคยถูกคอมเมนท์

คอมเมนท์ทรัพยากรรายการนี้
  คอมเมนท์: เวชศาสตร์ฉุกเฉิน ..


 Copyright 2026. Bcnsprnw @Library